[Event "ch-Frankfurt A"]
[White "Hudobec, Nicolas"]
[Black "Ackermann, Robert"]
[Site "Frankfurt"]
[Result "1/2-1/2"]
[Round "6.31"]
[WhiteElo "1362"]
[BlackElo "1812"]
[PlyCount "300"]
[Date "2024.06.10"]
[Time "18:30:00"]
[WhiteTeam "SC Eschbach im Usinger Land"]
[BlackTeam "SC Bad Soden"]

1. c4 Nf6 2. Nf3 g6 3. Nc3 Bg7 4. g3 d6 5. Bg2 e5 6. d3 c6 7. O-O O-O 8. Bg5 h6 9. 
Bd2 Be6 10. Qc1 Kh7 11. Rb1 Nbd7 12. b4 a6 13. b5 axb5 14. cxb5 Bxa2 15. Nxa2 Rxa2 
16. bxc6 bxc6 17. Rb4 e4 18. dxe4 Ne5 19. Nxe5 dxe5 20. Rb2 Qa8 21. Qb1 Ra4 22. 
Rc1 c5 23. f3 c4 24. Bh3 Rd8 25. Bc3 Ne8 26. Rb4 Qa7+ 27. Kf1 Ra8 28. Rb7 Qe3 29. 
Rxf7 R8a7 30. Rxa7 Rxa7 31. Qb2 Nd6 32. Rd1 Rb7 33. Qd2 Qxd2 34. Rxd2 Rb3 35. Rxd6 
Rxc3 36. Ke1 h5 37. Be6 Rc1+ 38. Rd1 Rc2 39. Rd2  1/2-1/2

[Event "ch-Frankfurt A"]
[White "Müller, Jens"]
[Black "Stulken, Dietmar"]
[Site "Frankfurt"]
[Result "1-0"]
[Round "6.32"]
[WhiteElo "1688"]
[BlackElo "1306"]
[PlyCount "300"]
[Date "2024.06.10"]
[Time "18:30:00"]
[WhiteTeam "SV 1920 Hofheim"]
[BlackTeam "SF Frankfurt 1921"]

1. e4 c5 2. Nf3 d6 3. c3 e5 4. h3 Nc6 5. Bd3 Nf6 6. Bc2 Be7 7. d4 cxd4 8. cxd4 O-O 
9. O-O Qc7 10. Nc3 a6 11. a3 Re8 12. Bg5 exd4 13. Nxd4 Qb6 14. Nxc6 bxc6 15. Rb1 
Qc7 16. Qd3 g6 17. Rfd1 Rd8 18. Bb3 Kg7 19. Qf3 Rf8 20. Ba4 Bb7 21. Rbc1 Ng8 22. 
Nd5 Qa5 23. Nxe7 Qxg5 24. Nxg8 Rxg8 25. Bxc6 Rac8 26. e5 dxe5 27. Rc3 Ba8 28. Bxa8 
Rxa8 29. Rc7 Rac8 30. Qxf7+  1-0

[Event "ch-Frankfurt A"]
[White "Rohatgi, Kushagra"]
[Black "Nabuuma, Rakhshanah"]
[Site "Frankfurt"]
[Result "1-0"]
[Round "6.33"]
[WhiteElo "1723"]
[BlackElo "1680"]
[PlyCount "300"]
[Date "2024.06.10"]
[Time "18:30:00"]
[WhiteTeam "SAbt TuS Makkabi Ffm"]
[BlackTeam "vereinslos"]

1. e4 d6 2. d4 Nf6 3. Nc3 g6 4. Nf3 Bg4 5. h3 Bxf3 6. Qxf3 Bg7 7. Bc4 O-O 8. O-O 
Nbd7 9. Bf4 a6 10. a4 Kh8 11. Rad1 Nh5 12. Bh2 e5 13. dxe5 Bxe5 14. Qd3 Bxh2+ 15. 
Kxh2 Ng7 16. f4 f6 17. b4 Ne8 18. Ne2 Qe7 19. Nd4 Ng7 20. Rde1 Rad8 21. Ne2 f5 22. 
exf5 Nxf5 23. Nd4 Qf6 24. Ne6 Nb6 25. Nxd8 Rxd8 26. Bb3 c6 27. Re6 Qf8 28. Rfe1 
Nc8 29. Qc3+ Ng7 30. Rf6  1-0

[Event "ch-Frankfurt A"]
[White "Kluge, Joscha"]
[Black "Staeger, Tim"]
[Site "Frankfurt"]
[Result "0-1"]
[Round "6.34"]
[WhiteElo "1704"]
[BlackElo "1639"]
[PlyCount "300"]
[Date "2024.06.10"]
[Time "18:30:00"]
[WhiteTeam "SC Bergen-Enkheim 1922"]
[BlackTeam "SF Frankfurt 1921"]

1. e4 c6 2. d4 d5 3. exd5 cxd5 4. Nf3 Bg4 5. Be2 Nf6 6. O-O e6 7. Bf4 Bd6 8. Bxd6 
Qxd6 9. h3 Bh5 10. c3 O-O 11. Nbd2 Nbd7 12. Ne5 Nxe5 13. Bxh5 Nxh5 14. Qxh5 Ng6 
15. Rfe1 Rac8 16. Re3 b5 17. a3 a5 18. Qe2 b4 19. axb4 axb4 20. Ra6 Rc6 21. Rxc6 
Qxc6 22. cxb4 Qc1+ 23. Nf1 Rc8 24. b3 Rc2 25. Qa6 h6 26. g3 Qb2 27. Rf3 Qxd4 28. 
b5 Ne5 29. Rf4 Qd1 30. Kg2 Rc1 31. b6 Nd3 32. b7 Qxf1+ 33. Kf3 Qxf2+ 34. Kg4 Qe2+ 
35. Rf3 Ne5+ 36. Kh4 g5+ 37. Kh5 Qxf3+ 38. Kxh6 Qf6+  0-1

[Event "ch-Frankfurt A"]
[White "Vollbracht, Henrik, Dr."]
[Black "Börsch, Dieter"]
[Site "Frankfurt"]
[Result "0-1"]
[Round "6.35"]
[WhiteElo "1693"]
[BlackElo "1764"]
[PlyCount "300"]
[Date "2024.06.10"]
[Time "18:30:00"]
[WhiteTeam "Sabt Frankfurter TV 1860"]
[BlackTeam "SK Bad Homburg 1927"]

1. d4 Nf6 2. Nc3 c5 3. d5 d6 4. e4 g6 5. Bg5 Bg7 6. Qd2 O-O 7. Bh6 Nbd7 8. Bxg7 Kxg7 
9. O-O-O a6 10. h4 Ne5 11. h5 Nxh5 12. Be2 Nf6 13. Qh6+ Kh8 14. f4 Neg4 15. Bxg4 
Bxg4 16. Nf3 Rg8 17. e5 Nh5 18. Ng5 Rg7 19. Rd2 Qd7 20. Rh4 dxe5 21. fxe5 Qf5 22. 
e6 fxe6 23. Nxe6 Qf1+ 24. Rd1 Bxd1 25. Nxg7 Bg4+ 26. Kd2 Qf2+ 27. Kd3 Qxh4 28. Nxh5 
Bxh5 29. Qe3 c4+ 30. Kd2 Rf8 31. Ne4 Rf4  0-1

[Event "ch-Frankfurt A"]
[White "Cichon, Jörg"]
[Black "Bartsch, Marius, Dr."]
[Site "Frankfurt"]
[Result "0-1"]
[Round "6.36"]
[WhiteElo "1818"]
[BlackElo "1750"]
[PlyCount "300"]
[Date "2024.06.10"]
[Time "18:30:00"]
[WhiteTeam "Sfr.Mainz 1928"]
[BlackTeam "Wiesbadener SV 1885"]

1. e4 d6 2. d4 Nf6 3. Nc3 g6 4. Be2 Bg7 5. Be3 c6 6. h3 b5 7. a3 Nbd7 8. Nf3 Nb6 
9. Nd2 a6 10. O-O O-O 11. f4 e6 12. g4 d5 13. e5 Nfd7 14. g5 Nc4 15. Bxc4 bxc4 16. 
Qe1 Re8 17. Nf3 Rb8 18. Rb1 Qa5 19. Bd2 Qc7 20. h4 c5 21. Ne2 Bf8 22. c3 Nb6 23. 
Kg2 Bd7 24. Rh1 Ba4 25. Nh2 Bc2 26. Ng4 Nd7 27. Ng3 cxd4 28. cxd4 Bxb1 29. Ba5 Rxb2+ 
30. Kh3 Qb7 31. Nf6+ Nxf6 32. gxf6 Qb3 33. Bc3 Bf5+ 34. Nxf5 exf5 35. Rg1 Rc2 36. 
Rg3 Qa2 37. Qg1 Rb8 38. Bb4 Bxb4 39. h5 Be1 40. hxg6 Bxg3 41. gxh7+ Kxh7  0-1

[Event "ch-Frankfurt A"]
[White "Leichum, Engelbert"]
[Black "Wilczek, Jan-Philipp"]
[Site "Frankfurt"]
[Result "1-0"]
[Round "6.37"]
[WhiteElo "1508"]
[BlackElo "1455"]
[PlyCount "300"]
[Date "2024.06.10"]
[Time "18:30:00"]
[WhiteTeam "vereinslos"]
[BlackTeam "SAbt TuS Makkabi Ffm"]

1. e4 e5 2. d4 exd4 3. c3 dxc3 4. Bc4 Bc5 5. Bxf7+ Kxf7 6. Qh5+ Kf8 7. Qxc5+ d6 8. 
Qxc3 Nc6 9. Nf3 Nf6 10. Nbd2 Bg4 11. O-O Qe7 12. Re1 Re8 13. b3 Kf7 14. Ba3 Qd7 
15. h3 Bxf3 16. Qxf3 Ne5 17. Qe3 b6 18. f4 Ng6 19. Bb2 Nh5 20. Rf1 d5 21. e5 c5 
22. f5 Nxe5 23. Bxe5 d4 24. Qe2 Ng3 25. Qc4+ Kf8 26. Bxg3  1-0

[Event "ch-Frankfurt A"]
[White "Weber, Axel"]
[Black "Manasek, Martin"]
[Site "Frankfurt"]
[Result "1-0"]
[Round "6.38"]
[WhiteElo "1508"]
[BlackElo "1677"]
[PlyCount "300"]
[Date "2024.06.10"]
[Time "18:30:00"]
[WhiteTeam "SF Frankfurt 1921"]
[BlackTeam "SC Flörsheim 1921"]

1. d4 d5 2. c4 c6 3. Nc3 Nf6 4. Bg5 e6 5. e3 Be7 6. Nf3 O-O 7. Bd3 h6 8. Bh4 Nbd7 
9. O-O c5 10. Re1 cxd4 11. exd4 dxc4 12. Bxc4 Nb6 13. Bb3 Nbd5 14. Nxd5 exd5 15. 
Qd3 g6 16. Qe3 Be6 17. Qxh6 Ng4 18. Bxe7 Qxe7 19. Qg5 Qf6 20. h3 Qxg5 21. Nxg5 Nf6 
22. Nxe6 fxe6 23. Rxe6 Rae8 24. Rae1 Rxe6 25. Rxe6 Kf7 26. Re5 Rd8 27. g4 a6 28. 
g5 Nh5 29. Bxd5+ Kf8 30. Bxb7 Rxd4 31. Bxa6 Rd1+ 32. Kh2 Rd2 33. Re2 Rd5 34. b4 
Rxg5 35. b5 Nf4 36. Re3 Rg2+ 37. Kh1 Rxf2 38. b6 Nd5 39. b7 Rb2 40. Rb3 Rxa2 41. 
b8Q+ Ke7 42. Qe5+  1-0

[Event "ch-Frankfurt A"]
[White "Wundram, Til"]
[Black "Teichmann, Martin"]
[Site "Frankfurt"]
[Result "0-1"]
[Round "6.40"]
[WhiteElo "1557"]
[BlackElo "1329"]
[PlyCount "300"]
[Date "2024.06.10"]
[Time "18:30:00"]
[WhiteTeam "vereinslos"]
[BlackTeam "SC 1922 Ketsch"]

1. e4 e5 2. Nf3 Nc6 3. Bb5 Nd4 4. Nxd4 exd4 5. d3 a5 6. Ba4 c6 7. c3 b5 8. Bc2 Bc5 
9. a3 h6 10. O-O Nf6 11. Nd2 O-O 12. Nf3 dxc3 13. bxc3 d5 14. e5 Ne8 15. d4 Bb6 
16. Qd3 f5 17. g3 Be6 18. Nh4 g5 19. Ng2 Qe7 20. Ne3 Qf7 21. f4 g4 22. Nxg4 fxg4 
23. f5 Bxf5 24. Qxf5 Qxf5 25. Rxf5 Ng7 26. Rf6 Rxf6 27. exf6 Nh5 28. Bxh6 Nxf6 29. 
Bf5 Re8 30. Rf1 Ne4 31. Bxg4 Nxc3 32. Rf6 Bxd4+ 33. Rf2 Bxf2+ 34. Kxf2 b4 35. Bd2 
Ne4+ 36. Ke1 Nxd2+ 37. Kxd2 bxa3 38. Kc3 Rb8  0-1